Champions League Topscorer 1995/96 - Statistiken

Allgemein
  • Dieses Quiz wurde 12 mal gespielt
  • Das Durchschnittsergebnis liegt bei 4 aus 15
Antwortstatistiken
Rang Nation Verein Tore Antwort % Korrekt
1 Finnland Ajax 9 Jari Littmanen
100%
2 Spanien Real Madrid 6 Raul
90%
2 Italien Juventus 6 Alessandro del Piero
80%
5 Niederlande Ajax 5 Patrick Kluivert
60%
9 Chile Real Madrid 4 Ivan Zamorano
20%
9 England Blackburn Rovers 4 Mike Newell
10%
11 Frankreich FC Nantes 3 Reynald Pedros
10%
11 Russland Spartak Moskva 3 Sergey Yuran
10%
11 Dänemark Aalborg 3 Erik Andersen
0%
5 Italien Juventus 5 Fabrizio Ravenelli
0%
11 Tschad FC Nantes 3 Japhet N‘Doram
0%
11 Norwegen Rosenborg 3 Kalle Leken
0%
2 Polen Panathinaikos 6 Krzysztof Warzycha
0%
5 Frankreich FC Nantes 5 Nicolas Ouedec
0%
5 Ukraine Spartak Moskva 5 Yuriy Nikiforov
0%
Keine übereinstimmenden Quizze gefunden
Verteilung der Resultate
Anzahl Personen mit jedem Resultat
Perzentil nach korrekt beantworteten Fragen
Ihre Resultats-Entwicklung
Sie haben dieses Quiz noch nicht gespielt